Cesta viery : pracovný zošit pre 3. ročník základných škôl /
Uložené v:
| Hlavní autori: | , , |
|---|---|
| Ďalší autori: | |
| Médium: | Kniha |
| Jazyk: | Slovak |
| Vydané: |
Trnava : Spišská Nová Ves :
Spolok svätého Vojtecha ; Katolícke pedagogické a katechetické centrum,
2013.
|
| Vydanie: | 4. vyd. |
| Témy: | |
| ISBN: |
9788071629894 (brož.) |
| Fyzický popis: |
55 s. : fotogr., il. ; 30 cm. |
| Tagy: |
Pridať tag
Žiadne tagy, Buďte prvý kto otaguje tento záznam!
|
Titul je dostupný aj v ... 

MARC
| LEADER | 00000nam a2200000 a 4500 | ||
|---|---|---|---|
| 001 | 000434839 | ||
| 005 | 20140310074311.0 | ||
| 008 | 130808s2013 xo ao b p 000 0 slo d | ||
| 020 | |a 9788071629894 (brož.) | ||
| 040 | |a SVKKK |b slo |c SVKKK |e AACR2 | ||
| 041 | 0 | |a slo | |
| 044 | |a xo |c SK | ||
| 072 | 7 | |a 373.2/.3 |x Predškolská a primárna výchova a vzdelávanie |2 konspekt | |
| 072 | 7 | |a 37.016 |x Učebné osnovy. Vyučovacie predmety. Učebnice |2 konspekt | |
| 080 | |a 2-47 |2 2001 | ||
| 080 | |a 272 |2 2001 | ||
| 080 | |a 373.3 |2 2001 | ||
| 080 | |a (075.2) |2 2001 | ||
| 080 | |a (076.1) |2 2001 | ||
| 100 | 1 | |a Hurajtová, Jana | |
| 245 | 1 | 0 | |a Cesta viery : |b pracovný zošit pre 3. ročník základných škôl / |c [autori: Jana Hurajtová, Anna Gembalová, Lenka Dobrenková ; ilustrácie: Barbora Hurajtová]. |
| 246 | 3 | 4 | |a Cesta viery : |b katolícke náboženstvo / náboženská výchova pre 3. ročník základných škôl. |p Pracovný zošit |
| 250 | |a 4. vyd. | ||
| 260 | |a Trnava : |b Spolok svätého Vojtecha ; |a Spišská Nová Ves : |b Katolícke pedagogické a katechetické centrum, |c 2013. | ||
| 300 | |a 55 s. : |b fotogr., il. ; |c 30 cm. | ||
| 500 | |a Prac. zošit je samostat. vydanie príl. Metodickej príručky katalického náboženstva pre 3. roč. ZŠ "Cesta viery" | ||
| 500 | |a Údaj o aut. prevzatý z rubu obalu a o il. zo zadnej s. obalu | ||
| 504 | |a Bibliografia | ||
| 650 | 0 | 7 | |a katolícke náboženstvo |2 SVKKKPH |
| 650 | 0 | 7 | |a náboženská výchova |2 SVKKKPH |
| 655 | 7 | |a učebnice základných škôl |2 SVKKKPH | |
| 655 | 7 | |a pracovné zošity |2 SVKKKPH | |
| 700 | 1 | |a Gembalová, Anna |4 aut | |
| 700 | 1 | |a Dobrenková, Lenka |4 aut | |
| 700 | 1 | |a Hurajtová, Barbora |4 ill | |
| 910 | |a svkkk | ||
| 919 | |a 978-80-7162-989-4 | ||
| 998 | |a BK | ||
| 090 | |g SCKHL |k Sklad Hlavná 10 prízemie |a V.230662 |j 1049068 |i 2720291591 |s Absenčne | ||